| 000 | 00447nam a22001697a 4500 | ||
|---|---|---|---|
| 005 | 20241210111625.0 | ||
| 008 | 160428b xxu||||| |||| 00| 0 eng d | ||
| 020 | _a81-2031465-4 | ||
| 041 | _aeng | ||
| 082 | _b00446 | ||
| 100 |
_aHANSEN, GARY W. AND HANSEN, JAMES V. _98596 |
||
| 245 | _aDatabase Management and Design [2ND ED.] | ||
| 260 |
_aNew Delhi _bPHI Pvt Ltd. _c2005 |
||
| 300 | _a582;P | ||
| 650 | _aInformation Technology | ||
| 942 | _cBK | ||
| 999 |
_c138 _d138 |
||